000 00769nam a22002057a 4500
999 _c16395
_d16395
003 AR-CdUCM
008 190307b ||||| |||| 00| 0 spa d
040 _aMUNICIPALIDAD PROVINCIAL DEL CUSCO
_cBIBLIOTECA MUNICIPAL DEL CUSCO
082 _a498.52 /
_bC48
100 _aCerrón Palomino, Rodolfo M.
_912941
245 _aGramática quechua : Junín-Huanca /
260 _aLima :
_bMinisterio de Educación,
_c1976.
300 _a283 páginas ;
_c19.5 cm.
505 _aContenido: Realidad lingüística -- Fonología -- Generalidades gramaticales -- La oración simple -- La frase nominal -- La frase verbal ...
650 _aLengua quechua
_97426
650 _aDialectos
_910938
650 _aGramática
_99175
942 _2ddc
_cLIBROS
945 _apjha
_d2019-05-03